Chương trình phát thanh trực tiếp “60 phút- Bạn và tôi” của Đài Phát thanh truyền hình Đà Nẵng năm 2011
Một số vấn đề về phát thanh và phát thanh trực tiếp. Thực trạng chương trình phát thanh trực tiếp “60 phút- Bạn và tôi” của Đài Phát thanh truyền hình Đà Nẵng. Giải pháp tiếp tục nâng cao chất lượng Chương trình phát thanh trực tiếp ở Đài Phát thanh Truyền hình Đà Nẵng....
שמור ב:
| מחבר ראשי: | |
|---|---|
| מחברים אחרים: | |
| פורמט: | ספר |
| שפה: | Vietnamese |
| יצא לאור: |
Đà Nẵng
Đại học Sư phạm, Đại học Đà Nẵng
2012
|
| נושאים: | |
| תגים: |
הוספת תג
אין תגיות, היה/י הראשונ/ה לתייג את הרשומה!
|
| Thư viện lưu trữ: | Mạng thư viện Đại học Đà Nẵng |
|---|
| LEADER | 01976nam a2200349 4500 | ||
|---|---|---|---|
| 001 | 000017025 | ||
| 003 | 13436 | ||
| 005 | 20130128150113.0 | ||
| 008 | 130128s2012 viesd | ||
| 041 | 0 | |a vie | |
| 082 | |a 070.4 |b NG-T | ||
| 100 | 1 | |a Nguyễn Thị Thương | |
| 245 | |a Chương trình phát thanh trực tiếp “60 phút- Bạn và tôi” của Đài Phát thanh truyền hình Đà Nẵng năm 2011 |c Nguyễn Thị Thương ; Phan Thanh Hằng hướng dẫn |k Khóa luận tốt nghiệp | ||
| 260 | |a Đà Nẵng |b Đại học Sư phạm, Đại học Đà Nẵng |c 2012 | ||
| 300 | |a 84 tr., phụ lục 16 tr. |c 29 cm. |e Đĩa CD, tài liệu tóm tắt | ||
| 500 | |a Khóa luận tốt nghiệp đại học. Chuyên ngành: Cử nhân báo chí | ||
| 504 | |a Mục lục đầu trang, tài liệu tham khảo tr. 73 - 74, phụ lục [13 tr.] | ||
| 520 | |a Một số vấn đề về phát thanh và phát thanh trực tiếp. Thực trạng chương trình phát thanh trực tiếp “60 phút- Bạn và tôi” của Đài Phát thanh truyền hình Đà Nẵng. Giải pháp tiếp tục nâng cao chất lượng Chương trình phát thanh trực tiếp ở Đài Phát thanh Truyền hình Đà Nẵng. | ||
| 600 | 1 | 4 | |b Vua |c Đinh Tiên Hoàng |
| 650 | 0 | 4 | |a Chương trình phát thanh |v Khóa luận tốt nghiệp |x Phát thanh tực tiếp |y 2011 |z Đà Nẵng |
| 653 | |a Chương trình phát thanh |a Khoa Ngữ văn | ||
| 700 | |a Phan Thanh Hằng |e Hướng dẫn | ||
| OWN | |a LSP | ||
| AVA | |a UDN50 |b LSP |d 070.4 NG-T |e available |t Error 5001 Not defined in file expand_doc_bib_avail. |f 1 |g 0 |h N |i 0 |k 1 | ||
| 999 | |a From the UDN01 | ||
| AVA | |a UDN50 |b LSP |d 070.4 NG-T |e available |t Error 5001 Not defined in file expand_doc_bib_avail. |f 1 |g 0 |h N |i 0 |k 1 | ||
| TYP | |a Monograph | ||
| TYP | |a Printed language | ||
| 980 | |a Mạng thư viện Đại học Đà Nẵng | ||